000 01414nam a22003377a 4500
003 CHAP
005 20220817043920.0
008 031103d2001 mx r 00010 spa d
010 _a87873
011 _a88845
020 _a9688209899
035 _a99390
040 _cCHAP
090 _aFolleto 16694
110 2 _aMéxico. Presidencia de la República
245 1 0 _aDiscurso del Presidente de la República, Vicente Fox, durante la ceremonia en la que clausuró el XIX Congreso de la Federación de Sindicatos de Trabajadores al Servicio del Estado (FSTSE) el 9 de abril de 2001
_c/por Presidencia de la República
260 _aMéxico, D.F. :
_bPresidencia de la República. Coordinación General de Opinión Pública e Imágen,
_c2001.
300 _a11 p.
590 _aBATCH-UPD
_b10
_c20130110
_lUCH01
_h0809
590 _aBATCH-UPD
_b10
_c20130410
_lUCH01
_h0446
590 _aBATCH-UPD
_b10
_c20130914
_lUCH01
_h1030
590 _aCONVERSION
_b10
_c20130109
_lUCH01
_h1349
650 1 4 _aMéxico
_xDiscursos, ensayos y conferencias.
_976740
650 1 4 _aServicios públicos.
_9105335
650 1 4 _aSindicalismo
_zMéxico.
_9106558
711 0 _aCongreso de la Federación de Sindicatos de Trabajadores al Servicio del Estado (19 : 2001 : México, D.F.)
_926682
901 _aBK
905 _aAlejandra Carrasco M.
942 _cFOLL
949 _aFolleto 16694
_bBC
_cFOLL
_d33724002001842
_eTS1
_i99390
_sb
999 _c87873
_d87873